OPAC | Catalogo Arcigay delle biblioteche LGBTQIA+

Il Catalogo di Arcigay delle Biblioteche LGBTQIA+ è un servizio fornito grazie alla collaborazione tra Arcigay nazionale e le associazioni locali aderenti al progetto che conservano e rendono pubbliche biblioteche a tema LGBTQIA+.

Sirena : (Record no. 28835)

MARC details
000 -LEADER
campo di controllo lung. fissa 01088nam a22002537i 4500
001 - Numero di controllo
campo di controllo IT\ICCU\UBO\2573383
003 - Identificatore del numero di controllo
campo di controllo ItRI
005 - Data e orario dell'ultima transazione
campo di controllo 20260306105548.0
008 - Elementi di lunghezza fissa--Informazione generale
campo di controllo lung. fissa 041028s2004 it |||||| ||||| |||||c
020 ## - ISBN (International Standard Book Number)
ISBN (International Standard Book Number) 8884514088
040 ## - Fonte della catalogazione
Lingua della catalogazione ita
Agenzia che fa la trascrizione NP
041 #7 - Codice di lingua
Codice di lingua del testo/traccia sonora o titolo separato ita
Fonte del codice ISO-639-2
082 ## - Numero di classificazione Decimale Dewey
Numero di classificazione 853.914
Numero dell'edizione 20
100 1# - Accesso principale -- nome di persona
Nome di persona Garlaschelli, Barbara,
Date associate al nome (1965-
Numero del record di authority o numero standard IT\ICCU\MILV\106334
Relazione: aut
240 10 - Titolo uniforme
Titolo uniforme Sirena
9 (RLIN) Garlaschelli, Barbara <1965- ; scrittrice >
245 10 - Formulazione del titolo
Titolo Sirena :
Complemento del titolo (mezzo pesante in movimento) : romanzo /
Formulazione di responsabilità, ecc. Barbara Garlaschelli.
260 ## - Pubblicazione, distribuzione, ecc. (stampa)
Luogo di pubblicazione, distribuzione, ecc. Milano :
Nome dell'editore, distributore, ecc. Salani,
Data di pubblicazione, distribuzione, ecc. [2004]
300 ## - Descrizione fisica
Estensione 133 p. ;
Dimensioni 21 cm.
520 ## - Riassunto, ecc.
Nota di riassunto, ecc. Sedici anni; il mare, un tuffo: lesione alla quinta vertebra cervicale. Dopo vent'anni, una scrittrice racconta i dieci mesi che le hanno cambiato la vita. Dieci mesi trascorsi in ospedale, tra paura e speranza, coraggio e sofferenza. Un libro sull'handicap e il dolore, ma anche sull'amore, l'amicizia e la solidarietà.
650 #7 - Accesso aggiunto di soggetto--termine topico
Termine topico o nome geografico come accesso Garlaschelli, Barbara
Suddivisione generale Diari e memorie
Fonte dell'intestazione o del termine scbi
982 #1 - EQUIVALENCE OR CROSS-REFERENCE-SERIES STATEMENT--CONFERENCE OR MEETING NAME/TITLE [LOCAL, CANADA]
Collegamento z01
Nome del convegno o nome della giurisdizione come accesso n
942 ## - Dati aggiuntivi (Koha)
Fonte della classificazione o dello schema di collocazione (segnatura) Classificazione decimale Dewey
Tipo copia default (Koha) Libri
Nasconto in Opac No
981 #1 - EQUIVALENCE OR CROSS-REFERENCE-SERIES STATEMENT--CORPORATE NAME/TITLE [LOCAL, CANADA]
Collegamento z01
Nome dell'ente o nome della giurisdizione come accesso i
Unità subordinata xxxe
Holdings
Status ritirato Status smarrito: Fonte della classificazione o dello schema di collocazione (segnatura) Status danneggiato: Escluso dal prestito Biblioteca di appartenenza Biblioteca corrente Data di acquisti Totale prestiti Collocazione Codice a barre Data ultima revisione Prezzo effettivo da Tipo copia default (Koha) Nota pubblica
    Classificazione decimale Dewey     ROVIGO | Politropia Arcigay Rovigo APS ROVIGO | Politropia Arcigay Rovigo APS 06/03/2026   853.914 GAR SIR 11738 06/03/2026 06/03/2026 Libri Donato da Eva Croce
Se cerchi informazioni su Arcigay, le puoi trovare nel nostro sito: www.arcigay.it